Geography Quiz

Random Geography or City Quiz

Largest settlements in each Welsh area Quiz Stats

 Plays Quiz not verified by Sporcle

Challenge
Share
Tweet
Embed
Score 0/151 Timer 08:00
0 Plays Today
yea Town/city % Correct
Ynys MônHolyhead
90.2%
SwanseaSwansea
90.2%
GwyneddBangor
85.2%
WrexhamWrexham
83.6%
CarmarthenshireCarmarthen
82%
Neath Port TalbotNeath
82%
Neath Port TalbotPort Talbot
82%
CardiffCardiff
82%
NewportNewport
77%
DenbighshireRhyl
75.4%
CeredigionAberystwyth
75.4%
BridgendBridgend
75.4%
ConwyConwy
72.1%
PembrokeshirePembroke
72.1%
Merthyr TydfilMerthyr Tydfil
72.1%
GwyneddCaernarfon
70.5%
ConwyLlandudno
70.5%
FlintshireFlint
70.5%
CarmarthenshireLlanelli
70.5%
Rhondda Cynon TafPorth
65.6%
CaerphillyCaerphilly
65.6%
MonmouthshireMonmouth
62.3%
DenbighshireDenbigh
60.7%
PembrokeshireHaverfordwest
60.7%
PowysNewtown
59%
Ynys MônBeaumaris
57.4%
PowysBrecon
57.4%
Vale of GlamorganBarry
57.4%
Rhondda Cynon TafPontypridd
57.4%
ConwyColwyn Bay
55.7%
CeredigionCardigan
54.1%
GwyneddPorthmadog
52.5%
PowysLlandrindod Wells
52.5%
GwyneddPwllheli
50.8%
PowysWelshpool
50.8%
FlintshireMold
49.2%
PowysBuilth Wells
49.2%
Blaenau GwentEbbw Vale
49.2%
TorfaenPontypool
49.2%
Ynys MônMenai Bridge
47.5%
PembrokeshireMilford Haven
47.5%
Ynys MônLlanfair Pwllgwyngyll
45.9%
PowysMachynlleth
45.9%
CeredigionAberaeron
45.9%
PembrokeshireFishguard
45.9%
MonmouthshireAbergavenny
45.9%
TorfaenCwmbran
45.9%
PembrokeshirePembroke Dock
44.3%
PembrokeshireTenby
44.3%
Ynys MônLlangefni
42.6%
DenbighshirePrestatyn
42.6%
yea Town/city % Correct
GwyneddBlaenau Ffestiniog
41%
GwyneddDolgellau
41%
DenbighshireLlangollen
39.3%
Ynys MônAmlwch
37.7%
CeredigionLampeter
37.7%
CeredigionNew Quay
37.7%
DenbighshireRuthin
34.4%
DenbighshireSt Asaph
34.4%
FlintshireConnah's Quay
34.4%
BridgendMaesteg
34.4%
Ynys MônBenllech
32.8%
CarmarthenshireAmmanford
32.8%
BridgendPorthcawl
32.8%
MonmouthshireChepstow
32.8%
ConwyLlandudno Junction and Deganwy
31.1%
PembrokeshireNarberth
31.1%
ConwyLlanrwst
29.5%
WrexhamRhosllannerchrugog
29.5%
CeredigionAberporth
29.5%
SwanseaGowerton
29.5%
PowysLlanidloes
27.9%
CeredigionLlandysul
27.9%
SwanseaPontardawe
27.9%
Neath Port TalbotAberavon
27.9%
Vale of GlamorganPenarth
27.9%
Rhondda Cynon TafLlantrisant
27.9%
Merthyr TydfilAberfan
27.9%
GwyneddBethesda
26.2%
CeredigionBow Street
26.2%
Rhondda Cynon TafAberdare
26.2%
PowysYstradgynlais
24.6%
CarmarthenshireBurry Port
24.6%
Vale of GlamorganLlantwit Major
24.6%
GwyneddBarmouth
23%
ConwyAbergele
23%
FlintshireShotton and Hawarden
23%
PowysKnighton
23%
CeredigionPenparcau
23%
Rhondda Cynon TafTonypandy
23%
CaerphillyBlackwood
23%
NewportCaerleon
23%
PowysCrickhowell
21.3%
Blaenau GwentTredegar
21.3%
Ynys MônValley
19.7%
GwyneddTywyn
19.7%
ConwyPenmaenmawr
19.7%
DenbighshireCorwen
19.7%
GwyneddY Felinheli
18%
ConwyLlanfairfechan
18%
SwanseaGorseinon
18%
SwanseaPontarddulais
18%
yea Town/city % Correct
CaerphillyYstrad Mynach
18%
TorfaenBlaenavon
18%
CarmarthenshireLlangennech
18%
FlintshireBuckley
16.4%
FlintshireBroughton and Bretton
16.4%
Vale of GlamorganDinas Powys
16.4%
CaerphillyBargoed
16.4%
CeredigionPenrhyncoch
14.8%
Blaenau GwentBrynmawr
14.8%
MonmouthshireCaldicot
14.8%
TorfaenAbersychan
14.8%
FlintshireHolywell
13.1%
PembrokeshireSaundersfoot
13.1%
Blaenau GwentAbertillery
13.1%
CarmarthenshirePen-y-groes
11.5%
BridgendPyle
11.5%
CaerphillyRisca
11.5%
WrexhamChirk
9.8%
Neath Port TalbotBriton Ferry
9.8%
BridgendPencoed
9.8%
Merthyr TydfilTreharris
9.8%
Vale of GlamorganRhoose
9.8%
Ynys MônNewborough
8.2%
Ynys MônGaerwen
8.2%
DenbighshireRhuddlan
8.2%
DenbighshireBodelwyddan
6.6%
Neath Port TalbotGlynneath
6.6%
Rhondda Cynon TafChurch Village
6.6%
MonmouthshireMagor
6.6%
DenbighshireDyserth
4.9%
WrexhamCefn Mawr
4.9%
WrexhamRuabon
4.9%
PembrokeshireNeyland
4.9%
BridgendSarn
4.9%
SwanseaLoughor
4.9%
Blaenau GwentBlaina
4.9%
ConwyKinmel Bay
3.3%
WrexhamLlay
3.3%
CaerphillyGelligaer
3.3%
FlintshireEwloe
1.6%
WrexhamCoedpoeth
1.6%
WrexhamGresford
1.6%
WrexhamRhostyllen
1.6%
WrexhamRossett
1.6%
Neath Port TalbotCwmafan
1.6%
ConwyPenrhyn Bay
0%
FlintshireSandycroft
0%
FlintshireSaltney
0%
PembrokeshireKilgetty
0%

You're not logged in!

Compare scores with friends on all Sporcle quizzes.
OR
Log In

You Might Also Like...

Show Comments

Extras

Top Quizzes Today


Score Distribution

Your Account Isn't Verified!

In order to create a playlist on Sporcle, you need to verify the email address you used during registration. Go to your Sporcle Settings to finish the process.

Report this User

Report this user for behavior that violates our Community Guidelines.

Details: